Essential and toxic metals in Malaysian fin fishes and shellfish : a spectroscopic study /
Saved in:
| Main Author: | |
|---|---|
| Format: | Thesis Book |
| Language: | English |
| Published: |
1979.
|
| Subjects: | |
| Tags: |
Add Tag
No Tags, Be the first to tag this record!
|
| LEADER | 00932cam a2200301 a 4500 | ||
|---|---|---|---|
| 001 | u143377 | ||
| 003 | SIRSI | ||
| 008 | 920225s1979 my bt 00 1 eng m | ||
| 035 | |a AAQ-6684 | ||
| 040 | |a UMM | ||
| 040 | |a UMM | ||
| 043 | |a a-my--- | ||
| 043 | |a a-my--- | ||
| 050 | 0 | 0 | |a TX556.5 |
| 090 | |a TX556.5 |b Low | ||
| 091 | |a Microfiche 6750 | ||
| 100 | 1 | 0 | |a Low, Teik Poh. |
| 245 | 1 | 0 | |a Essential and toxic metals in Malaysian fin fishes and shellfish : |b a spectroscopic study / |c Low Teik Poh. |
| 260 | |c 1979. | ||
| 300 | |a ii, 112 leaves : |b ill. ; |c 25cm. | ||
| 502 | |a Thesis (Ph.D.) -- Fakulti Sains, Universiti Malaya, 1978. | ||
| 504 | |a Bibliography: leaves 107-112. | ||
| 650 | 0 | |a Fishes |z Malaysia |x Analysis. | |
| 650 | 0 | |a Shellfish |z Malaysia |x Analysis. | |
| 650 | 0 | |a Metals |x Toxicology. | |
| 948 | |a 25/02/1992 |b 05/09/2002 | ||
| 596 | |a 1 | ||
| 999 | |a TX556.5 LOW |w LC |c 1 |i A002766289 |l STACKS |m P01UTAMA |r Y |s Y |t TESIS |u 25/2/1992 | ||
